Aguas públicas y obras hidráulicas : estudios jurídico-administrativos / Sebastián Martín-Retortillo estudios jurídico-administrativos / Sebastián Martín-Retortillo
Descripción Física:
458 p. ; 21 cm
Colección:
Biblioteca Tecnos de estudios jurídicos
MARC
| LEADER | 00000nam a2200000Ia 4500 | ||
|---|---|---|---|
| 001 | 249 | ||
| 008 | 160829s9999 xx 000 0 cat d | ||
| 080 | |a D-2-88 | ||
| 100 | |a Martín-Retortillo, Sebastián |9 29100 | ||
| 245 | |a Aguas públicas y obras hidráulicas : |b estudios jurídico-administrativos / Sebastián Martín-Retortillo | ||
| 260 | |a Madrid : |b Tecnos, cop. 1966 | ||
| 300 | |a 458 p. ; |c 21 cm | ||
| 490 | |a Biblioteca Tecnos de estudios jurídicos | ||
| 590 | |a Índexs. | ||
| 590 | |a Referències bibliogràfiques | ||
| 650 | |a Dret d'aigües |x Espanya |9 32274 | ||
| 650 | |a Dret d'aigües |x Israel |9 32275 | ||
| 650 | |a Regatge |x Dret i legislació |x Espanya I |9 32276 | ||
| 650 | 0 | |a Aigua |x Abastament |9 32277 | |
| 901 | |a Arxiu | ||
| 942 | |n 1 | ||
| 952 | |0 1 |1 0 |2 udc |4 0 |5 2 |6 D288 |7 1 |9 45930 |a Arxiu |b Arxiu |d 2016-12-01 |l 0 |o D-2-88 |p 249 |r 2016-12-01 00:00:00 |w 2016-12-01 |y ARXIU | ||
| 999 | |c 49431 |d 49431 | ||